000 01139nam2a22002411 4500
001 rc\941260
005 20250621233605.0
035 _a(NLR Aleph) 005978758
090 _a7006238
_c7006238
100 _a20041129d1982 |||y0rusy50 ca
101 0 _arus
102 _aRU
105 _aa |||||||||
200 0 _aЧ. 2
_eПосвящается 50-летию со дня рождения С.С. Григоряна
210 _d1982 (вып. дан. 1983)
_aБ. м.
215 _a142, [22] с., 1 л. ил.
_cил.
320 _aБиблиогр. в конце ст.
461 0 _1001rc\1189368
_12001#$aИзбранные вопросы современной механики$e[Сб. статей]$fМГУ им. М.В. Ломоносова, Ин-т механики$gПод ред. Г.Г. Черного$vЧ. 2
_96962166
_cМ.
_d1981-
_fМГУ им. М.В. Ломоносова, Ин-т механики
_nИзд-во МГУ
_o[Сб. статей]
_tИзбранные вопросы современной механики
_vЧ. 2
801 0 _aRU
_bNLR
_gpsbo
801 1 _aRU
_bELAR
_2rusmarc
852 _aNLR
_j81-7/504
942 _cBOOK
980 _aNB